000
00303nam a2200133Ia 4500
008
150201s2009 xx 000 0 und d
082
_a
612.015
_b
B09S
100
_a
SINGG,SP
245
_a
TB OF BIOCHEMISTRY
250
_a
4TH
260
_b
CBS
_a
DELHI
_c
2009
650
_a
BIOCHEMISTRY
942
_2
ddc
_c
BK
_0
6
999
_c
916
_d
916